00329 a2200097 4500001001000000005001700010008004100027245007100068100002500139773006700164ART_1035920260410161731.0260409a 10aEstabilidad de precios, reactivación económica y exportaciones1 aBrodersohn, Mario S.0 tEjecutivos de finanzasg- Año 3, Nº 21 (sep. 1985)wREV2863